[Event "Lewkowitz mem-B corr9498"]
[Site "Argentina"]
[Date "1994.??.??"]
[Round "?"]
[White "Mooij, Walter Johan"]
[Black "Morgado, Juan Sebastian"]
[Result "1/2-1/2"]
[WhiteElo "2495"]
[BlackElo "2615"]
[PlyCount "35"]
[EventDate "1994.??.??"]
[EventType "tourn (corr)"]
[EventRounds "16"]
[EventCountry "ARG"]
[EventCategory "9"]
[SourceTitle "Corr 2000"]
[Source "ChessBase"]
[SourceDate "2000.04.19"]
[SourceVersion "1"]
[SourceVersionDate "2000.04.19"]
[SourceQuality "1"]

1. d4 Nf6 2. c4 e6 3. Nf3 b6 4. g3 Ba6 5. b3 Bb4+ 6. Bd2 Be7 7. Bg2 d5 8. cxd5 exd5 9. 0-0 0-0 10. Nc3 Bb7 11. Rc1 Nbd7 12. Bf4 c6 13. Ne5 Re8 14. e4 dxe4 15. Nxe4 Nxe5 16. Nxf6+ Bxf6 17. dxe5 Bxe5 18. Bxe5 1/2-1/2